[Event "41. Open Ciutat de Badalona 2015 - C"]
[Site "Badalona ESP"]
[Date "2015.08.02"]
[Round "1.1"]
[White "Cassi de la Viuda, Àlex"]
[Black "Torrubia De Nova, Guillermo"]
[Result "0-1"]
[WhiteElo "1748"]
[BlackElo "1892"]
[PlyCount "52"]
[EventDate "2015.08.02"]
[EventType "swiss"]
[EventRounds "9"]
[EventCountry "ESP"]
[SourceTitle "Ajedrez en Madrid"]
[Source "lmi"]
[SourceDate "2015.08.02"]
[SourceVersion "1"]
[SourceVersionDate "2018.07.18"]
[SourceQuality "1"]

1. e4 e6 2. d4 d5 3. Nc3 Nf6 4. e5 Nfd7 5. Nf3 c5 6. Be3 Nc6 7. Bb5 cxd4 8.
Bxc6 bxc6 9. Nxd4 c5 10. Bg5 Qxg5 11. Nde2 Qxe5 12. O-O Bd6 13. Ng3 O-O 14. Re1
Qf6 15. Nce4 Qe7 16. Nc3 Nf6 17. Qf3 Bb7 18. Nb5 Qd7 19. a4 d4 20. Qb3 Bd5 21.
c4 Bc6 22. Rac1 Rab8 23. Qd3 Bxg3 24. Qxg3 a6 25. Nc7 Bb7 26. Qe5 Qc6 0-1

[Event "41. Open Ciutat de Badalona 2015 - C"]
[Site "Badalona ESP"]
[Date "2015.08.02"]
[Round "1.2"]
[White "Clanchet Olle, Josep"]
[Black "Olleta Tanya, Jordi"]
[Result "1-0"]
[WhiteElo "1890"]
[BlackElo "1743"]
[PlyCount "97"]
[EventDate "2015.08.02"]
[EventType "swiss"]
[EventRounds "9"]
[EventCountry "ESP"]
[SourceTitle "Ajedrez en Madrid"]
[Source "lmi"]
[SourceDate "2015.08.02"]
[SourceVersion "1"]
[SourceVersionDate "2018.07.18"]
[SourceQuality "1"]

1. e4 e6 2. d4 d6 3. Nf3 g6 4. Nc3 Bg7 5. Bg5 Ne7 6. Qd2 O-O 7. Bh6 d5 8. O-O-O
dxe4 9. Nxe4 Nf5 10. Bxg7 Kxg7 11. g4 Nd6 12. Bd3 Nxe4 13. Bxe4 f5 14. gxf5
exf5 15. Bd3 Qd5 16. Qf4 Qd6 17. Qxd6 cxd6 18. Rhe1 Nc6 19. d5 Nb4 20. Bc4 Bd7
21. Re7+ Rf7 22. Rde1 h6 23. Nd4 Na6 24. Bb5 Nc5 25. Bxd7 Nxd7 26. Ne6+ Kf6 27.
Rxf7+ Kxf7 28. c4 Ne5 29. Re3 Rc8 30. b3 b5 31. f4 Ng4 32. Rc3 bxc4 33. bxc4
Nf2 34. Rc2 Ne4 35. Nd4 Kf6 36. Nc6 Rc7 37. Rb2 Nc5 38. Kd2 g5 39. fxg5+ hxg5
40. Rb8 a6 41. Rd8 Ne4+ 42. Ke3 Rb7 43. Rf8+ Rf7 44. Rxf7+ Kxf7 45. a4 Nc5 46.
a5 Nb3 47. Nd4 f4+ 48. Ke4 Kf6 49. Nxb3 1-0

[Event "41. Open Ciutat de Badalona 2015 - C"]
[Site "Badalona ESP"]
[Date "2015.08.02"]
[Round "1.3"]
[White "Salicru Pages, Francesc X."]
[Black "Romero Funieles, Rafael de Jesus"]
[Result "0-1"]
[WhiteElo "1742"]
[BlackElo "1885"]
[PlyCount "34"]
[EventDate "2015.08.02"]
[EventType "swiss"]
[EventRounds "9"]
[EventCountry "ESP"]
[SourceTitle "Ajedrez en Madrid"]
[Source "lmi"]
[SourceDate "2015.08.02"]
[SourceVersion "1"]
[SourceVersionDate "2018.07.18"]
[SourceQuality "1"]

1. b3 e6 2. Bb2 d5 3. e3 Nf6 4. Nf3 Be7 5. c4 dxc4 6. Bxc4 h6 7. O-O O-O 8. Qc2
c6 9. e4 a5 10. e5 Nd5 11. Bd3 Nb4 12. Bh7+ Kh8 13. Qe4 N8a6 14. d4 Nd5 15. Bc1
f5 16. exf6 Nxf6 17. Qg6 Nxh7 0-1

[Event "41. Open Ciutat de Badalona 2015 - C"]
[Site "Badalona ESP"]
[Date "2015.08.02"]
[Round "1.4"]
[White "Alonso Gomez, Antonio"]
[Black "Roa Ribera, Álvaro"]
[Result "1-0"]
[WhiteElo "1879"]
[BlackElo "1739"]
[PlyCount "109"]
[EventDate "2015.08.02"]
[EventType "swiss"]
[EventRounds "9"]
[EventCountry "ESP"]
[SourceTitle "Ajedrez en Madrid"]
[Source "lmi"]
[SourceDate "2015.08.02"]
[SourceVersion "1"]
[SourceVersionDate "2018.07.18"]
[SourceQuality "1"]

1. e4 e5 2. Nf3 Nc6 3. Bb5 Bc5 4. O-O Nf6 5. d3 d6 6. h3 h6 7. c3 Bd7 8. Re1
O-O 9. Nbd2 Nh7 10. Nf1 Qf6 11. Be3 Bb6 12. Bxb6 axb6 13. Ne3 Qg6 14. Kh2 Nf6
15. a3 Be6 16. Nh4 Qg5 17. Nhf5 Kh8 18. Ng3 Ne7 19. Bc4 Bxc4 20. Nxc4 Ng6 21.
Qd2 Nf4 22. Rg1 Ng4+ 23. Kh1 Nxf2+ 24. Qxf2 Nxd3 25. Qf3 Nf4 26. Ne2 Rfe8 27.
Ne3 Kg8 28. Rgf1 Nxe2 29. Qxe2 Rf8 30. Rf5 Qg6 31. Nd5 Qe6 32. Nxc7 Qd7 33.
Nxa8 Rxa8 34. Rd1 Ra4 35. Rxe5 Qc6 36. Red5 Qe8 37. Qb5 Qxe4 38. R5d4 Rxd4 39.
Rxd4 Qe1+ 40. Kh2 Qe5+ 41. Qxe5 dxe5 42. Rd7 Kf8 43. Rxb7 f5 44. Kg3 g5 45. a4
h5 46. a5 f4+ 47. Kf2 g4 48. hxg4 hxg4 49. a6 g3+ 50. Kf1 e4 51. Ke2 f3+ 52.
gxf3 exf3+ 53. Kxf3 Ke8 54. a7 Kd8 55. a8=Q# 1-0

[Event "41. Open Ciutat de Badalona 2015 - C"]
[Site "Badalona ESP"]
[Date "2015.08.02"]
[Round "1.5"]
[White "Perez Sanchez, Joaquim"]
[Black "Mc Aleenan, Charles"]
[Result "1/2-1/2"]
[WhiteElo "1738"]
[BlackElo "1778"]
[PlyCount "87"]
[EventDate "2015.08.02"]
[EventType "swiss"]
[EventRounds "9"]
[EventCountry "ESP"]
[SourceTitle "Ajedrez en Madrid"]
[Source "lmi"]
[SourceDate "2015.08.02"]
[SourceVersion "1"]
[SourceVersionDate "2018.07.18"]
[SourceQuality "1"]

1. e4 e6 2. d4 d5 3. e5 c5 4. Nf3 cxd4 5. Nxd4 Nc6 6. Bb5 Bd7 7. Bxc6 bxc6 8.
Nc3 c5 9. Nf3 f6 10. Bf4 fxe5 11. Bxe5 Nf6 12. h3 d4 13. Nb1 Be7 14. O-O O-O
15. Nbd2 Bc6 16. Re1 Bd5 17. b3 Bd6 18. Qe2 Rc8 19. Rac1 Rc6 20. Nc4 Bxc4 21.
Qxc4 Qd7 22. Rcd1 Nd5 23. a3 Rf5 24. Rc1 Qc7 25. Bxd6 Qxd6 26. Rcd1 Nf4 27. Kf1
Nxh3 28. Re2 Nf4 29. Re4 Nd5 30. Rde1 Rf6 31. Ne5 Rc7 32. Nf3 Rh6 33. Re5 Rf7
34. Qd3 Nf4 35. Qe4 Qf8 36. Kg1 Rg6 37. g3 Nh3+ 38. Kg2 Rff6 39. Kxh3 Rxf3 40.
Rf1 Rff6 41. Kg2 Qf7 42. Qa8+ Qf8 43. Qxf8+ Rxf8 44. Rxc5 1/2-1/2

[Event "41. Open Ciutat de Badalona 2015 - C"]
[Site "Badalona ESP"]
[Date "2015.08.02"]
[Round "1.6"]
[White "Bosch Ricart, Joan"]
[Black "Sánchez Fontanet, Lluis"]
[Result "1/2-1/2"]
[WhiteElo "1876"]
[BlackElo "1732"]
[PlyCount "52"]
[EventDate "2015.08.02"]
[EventType "swiss"]
[EventRounds "9"]
[EventCountry "ESP"]
[SourceTitle "Ajedrez en Madrid"]
[Source "lmi"]
[SourceDate "2015.08.02"]
[SourceVersion "1"]
[SourceVersionDate "2018.07.18"]
[SourceQuality "1"]

1. e4 e5 2. Nf3 Nc6 3. Bb5 Nf6 4. Nc3 d6 5. h3 Bd7 6. O-O a6 7. Ba4 Be7 8. d3
Nd4 9. Bxd7+ Qxd7 10. Nxd4 exd4 11. Ne2 c5 12. Bg5 h6 13. Bxf6 Bxf6 14. Nf4 Be5
15. Nd5 Rb8 16. Qd2 O-O 17. f4 Bf6 18. Nxf6+ gxf6 19. f5 Kh7 20. Rf4 Rg8 21.
Raf1 Rg7 22. Rh4 Rg5 23. Rf2 Rbg8 24. Kh1 Qe7 25. Rhf4 Qe5 26. h4 Rg4 1/2-1/2

[Event "41. Open Ciutat de Badalona 2015 - C"]
[Site "Badalona ESP"]
[Date "2015.08.02"]
[Round "1.8"]
[White "Rossi, Pascal"]
[Black "Zheng, Hong Wei"]
[Result "1-0"]
[WhiteElo "1775"]
[BlackElo "1719"]
[PlyCount "55"]
[EventDate "2015.08.02"]
[EventType "swiss"]
[EventRounds "9"]
[EventCountry "ESP"]
[SourceTitle "Ajedrez en Madrid"]
[Source "lmi"]
[SourceDate "2015.08.02"]
[SourceVersion "1"]
[SourceVersionDate "2018.07.18"]
[SourceQuality "1"]

1. d4 Nf6 2. f3 d5 3. e4 dxe4 4. Nc3 Nc6 5. Bb5 Bd7 6. fxe4 a6 7. Be2 Bc8 8.
Nf3 e6 9. a3 b6 10. O-O Bb7 11. h3 h5 12. Bg5 Be7 13. b4 Nb8 14. e5 Ne4 15.
Nxe4 Bxe4 16. Bxe7 Qxe7 17. Qd2 b5 18. Rae1 Nd7 19. Ng5 Bf5 20. Bf3 Rb8 21. Be4
Bxe4 22. Rxe4 f6 23. exf6 Qd8 24. Nxe6 Qc8 25. f7+ Ke7 26. Nxg7+ Kd6 27. Re6+
Kd5 28. Rf5+ 1-0

[Event "41. Open Ciutat de Badalona 2015 - C"]
[Site "Badalona ESP"]
[Date "2015.08.02"]
[Round "1.9"]
[White "Vegara Gallego, Pere"]
[Black "Collazo Casals, Marc"]
[Result "1-0"]
[WhiteElo "1873"]
[BlackElo "1708"]
[PlyCount "43"]
[EventDate "2015.08.02"]
[EventType "swiss"]
[EventRounds "9"]
[EventCountry "ESP"]
[SourceTitle "Ajedrez en Madrid"]
[Source "lmi"]
[SourceDate "2015.08.02"]
[SourceVersion "1"]
[SourceVersionDate "2018.07.18"]
[SourceQuality "1"]

1. e4 e6 2. d4 d5 3. exd5 exd5 4. Bf4 Bf5 5. Nf3 Bb4+ 6. c3 Bd6 7. Bxd6 Qxd6 8.
Bd3 Bxd3 9. Qxd3 Nc6 10. O-O Nge7 11. Re1 O-O 12. Nbd2 Rfe8 13. Re2 Ng6 14. g3
Rxe2 15. Qxe2 Nce7 16. Re1 Re8 17. Qb5 Nc6 18. Rxe8+ Nf8 19. Qxb7 h6 20. Qa8
Qd7 21. Rxf8+ Kh7 22. Nh4 1-0

[Event "41. Open Ciutat de Badalona 2015 - C"]
[Site "Badalona ESP"]
[Date "2015.08.02"]
[Round "1.10"]
[White "Cespedes, Cristofer Adrian"]
[Black "Gomez Guinovart, Josep Manel"]
[Result "1-0"]
[WhiteElo "1705"]
[BlackElo "1872"]
[PlyCount "149"]
[EventDate "2015.08.02"]
[EventType "swiss"]
[EventRounds "9"]
[EventCountry "ESP"]
[SourceTitle "Ajedrez en Madrid"]
[Source "lmi"]
[SourceDate "2015.08.02"]
[SourceVersion "1"]
[SourceVersionDate "2018.07.18"]
[SourceQuality "1"]

1. d4 Nf6 2. Nf3 e6 3. e3 d5 4. Bd3 Be7 5. Nbd2 O-O 6. O-O Nbd7 7. b3 Re8 8.
Bb2 b6 9. Ne5 Bb7 10. Kh1 c6 11. f4 Qc7 12. Qe2 Nf8 13. Rae1 Rad8 14. Ndf3 h6
15. Nd2 Bc8 16. Rf3 N6d7 17. Rh3 f5 18. Qh5 Nxe5 19. fxe5 Nh7 20. Qg6 Nf8 21.
Qh5 Nh7 22. Qg6 Nf8 23. Qh5 Nh7 24. Nf3 Bf8 25. Rg3 Kh8 26. Nh4 g5 27. Ng6+ Kg8
28. Nxf8 Rxf8 29. Qxh6 g4 30. h3 Rf7 31. hxg4 f4 32. Rh3 Rg7 33. Bxh7+ Rxh7 34.
Qxh7+ Qxh7 35. Rxh7 Kxh7 36. exf4 Kg6 37. g3 Rh8+ 38. Kg2 Bd7 39. c4 b5 40.
cxd5 cxd5 41. Rc1 Rc8 42. Rxc8 Bxc8 43. Kf2 a5 44. Ke3 Bd7 45. Kd3 Bc8 46. b4
a4 47. Ke3 Bd7 48. Kf2 Bc8 49. Kg2 Bd7 50. Kh3 Bc8 51. Kh4 Bd7 52. f5+ exf5 53.
gxf5+ Bxf5 54. g4 Be6 55. Bc1 Bd7 56. Kg3 Be6 57. Kf4 Bd7 58. e6 Bxe6 59. Ke5
Bxg4 60. Kxd5 Kf6 61. Kc5 Ke7 62. Kxb5 Bd7+ 63. Kc5 Kd8 64. b5 Kc7 65. a3 Kb7
66. Bf4 Be8 67. d5 Bd7 68. Be3 Kc7 69. d6+ Kb7 70. Kb4 Ka8 71. Kxa4 Kb7 72. Kb4
Ka8 73. Kc5 Kb7 74. a4 Ka8 75. Kb6 1-0

[Event "41. Open Ciutat de Badalona 2015 - C"]
[Site "Badalona ESP"]
[Date "2015.08.03"]
[Round "2.1"]
[White "Torrubia De Nova, Guillermo"]
[Black "Martin Barcelo, Carles"]
[Result "1/2-1/2"]
[WhiteElo "1892"]
[BlackElo "1805"]
[PlyCount "74"]
[EventDate "2015.08.02"]
[EventType "swiss"]
[EventRounds "9"]
[EventCountry "ESP"]
[SourceTitle "Ajedrez en Madrid"]
[Source "lmi"]
[SourceDate "2015.08.02"]
[SourceVersion "1"]
[SourceVersionDate "2018.07.18"]
[SourceQuality "1"]

1. Nf3 d5 2. c4 e6 3. g3 Nf6 4. Bg2 Nc6 5. b3 dxc4 6. bxc4 Bd7 7. O-O g6 8. d3
Bg7 9. Nbd2 O-O 10. Rb1 Rb8 11. Bb2 Re8 12. Nb3 b6 13. Ne5 Nxe5 14. Bxe5 Rc8
15. c5 Ba4 16. cxb6 axb6 17. Rc1 Nd5 18. Bxg7 Kxg7 19. Qd2 c5 20. Qb2+ Qf6 21.
Qxf6+ Nxf6 22. Rb1 Bc6 23. Nd2 Bxg2 24. Kxg2 Rb8 25. Nc4 Nd7 26. Rb5 Rec8 27.
Rfb1 Rc6 28. a4 Ra8 29. Nxb6 Rxb6 30. Rxb6 Nxb6 31. Rxb6 Rxa4 32. Rc6 Ra5 33.
Kf3 Kf6 34. Ke3 h5 35. h4 Rb5 36. Rc7 Ra5 37. Kf3 Rb5 1/2-1/2

[Event "41. Open Ciutat de Badalona 2015 - C"]
[Site "Badalona ESP"]
[Date "2015.08.03"]
[Round "2.2"]
[White "Maza Navarro, Llorens"]
[Black "Clanchet Olle, Josep"]
[Result "0-1"]
[WhiteElo "1799"]
[BlackElo "1890"]
[PlyCount "68"]
[EventDate "2015.08.02"]
[EventType "swiss"]
[EventRounds "9"]
[EventCountry "ESP"]
[SourceTitle "Ajedrez en Madrid"]
[Source "lmi"]
[SourceDate "2015.08.02"]
[SourceVersion "1"]
[SourceVersionDate "2018.07.18"]
[SourceQuality "1"]

1. b3 e5 2. Bb2 Nc6 3. e3 Nf6 4. Bb5 d6 5. d4 exd4 6. exd4 Bd7 7. Nf3 d5 8.
Nbd2 Bd6 9. Qe2+ Qe7 10. Qxe7+ Nxe7 11. Bxd7+ Nxd7 12. O-O-O O-O 13. h4 h5 14.
Rhg1 Nf6 15. Ne5 Ng4 16. Nxg4 hxg4 17. Nf1 Bf4+ 18. Kb1 Nf5 19. g3 Bd6 20. Ne3
Nxe3 21. fxe3 Rfe8 22. Bc1 Re4 23. c3 Rae8 24. Kc2 b5 25. b4 a5 26. a3 axb4 27.
axb4 Ra8 28. Kd3 Ra2 29. Rd2 Ra1 30. Ke2 Re8 31. Kf2 Rea8 32. Rgd1 R8a2 33. Kg2
Rxd2+ 34. Rxd2 Rxc1 0-1

[Event "41. Open Ciutat de Badalona 2015 - C"]
[Site "Badalona ESP"]
[Date "2015.08.03"]
[Round "2.3"]
[White "Romero Funieles, Rafael de Jesus"]
[Black "Gallardo Gonzalez, Rafael"]
[Result "1-0"]
[WhiteElo "1885"]
[BlackElo "1792"]
[PlyCount "47"]
[EventDate "2015.08.02"]
[EventType "swiss"]
[EventRounds "9"]
[EventCountry "ESP"]
[SourceTitle "Ajedrez en Madrid"]
[Source "lmi"]
[SourceDate "2015.08.02"]
[SourceVersion "1"]
[SourceVersionDate "2018.07.18"]
[SourceQuality "1"]

1. e4 e5 2. Nf3 Nc6 3. Bc4 Nf6 4. Ng5 d5 5. exd5 Nxd5 6. Nxf7 Kxf7 7. Qf3+ Ke6
8. Nc3 Ncb4 9. Qe4 c6 10. a3 Qa5 11. d4 Bd6 12. O-O b5 13. Bb3 Bb7 14. dxe5 Bc5
15. Qg4+ Kxe5 16. Qxg7+ Kd6 17. axb4 Bxf2+ 18. Kh1 Qb6 19. Ne4+ Ke6 20. Rxf2
Qxf2 21. Nxf2 Rhf8 22. Be3 Rf7 23. Qg4+ Rf5 24. Bc5 1-0

[Event "41. Open Ciutat de Badalona 2015 - C"]
[Site "Badalona ESP"]
[Date "2015.08.03"]
[Round "2.4"]
[White "Hostalot Rodriguez, Sergi"]
[Black "Alonso Gomez, Antonio"]
[Result "0-1"]
[WhiteElo "1791"]
[BlackElo "1879"]
[PlyCount "100"]
[EventDate "2015.08.02"]
[EventType "swiss"]
[EventRounds "9"]
[EventCountry "ESP"]
[SourceTitle "Ajedrez en Madrid"]
[Source "lmi"]
[SourceDate "2015.08.02"]
[SourceVersion "1"]
[SourceVersionDate "2018.07.18"]
[SourceQuality "1"]

1. Nf3 Nf6 2. g3 g6 3. b3 Bg7 4. Bb2 d6 5. Bg2 c6 6. d3 e5 7. e4 Be6 8. O-O O-O
9. Nbd2 h6 10. Re1 Na6 11. Nf1 Qd7 12. Ne3 Ng4 13. h4 Nxe3 14. Rxe3 Bg4 15. Re1
f5 16. Qd2 fxe4 17. Nh2 exd3 18. Qxd3 e4 19. Bxe4 Bxb2 20. Nxg4 Qxg4 21. Bxg6
Qd4 22. Rab1 Qxf2+ 23. Kh1 Be5 24. Rf1 Qxg3 25. Qxg3 Rxf1+ 26. Rxf1 Bxg3 27. h5
Rf8 28. Rg1 Be5 29. Bd3+ Kf7 30. Rg6 Nb4 31. Rxh6 Nxd3 32. cxd3 Rh8 33. Rxh8
Bxh8 34. Kg2 Kf6 35. Kf3 Kf5 36. h6 a5 37. Ke3 b5 38. h7 c5 39. Kf3 d5 40. Ke3
Ke5 41. Kd2 Kf4 42. Ke2 Bg7 43. Kf2 c4 44. bxc4 dxc4 45. dxc4 bxc4 46. Ke2 Ke4
47. Kd2 Kd4 48. Kc2 c3 49. Kd1 Kc4 50. Kc2 Kb4 0-1

[Event "41. Open Ciutat de Badalona 2015 - C"]
[Site "Badalona ESP"]
[Date "2015.08.03"]
[Round "2.5"]
[White "Fasheh Braud, Ivan Wael"]
[Black "Rossi, Pascal"]
[Result "0-1"]
[WhiteElo "1785"]
[BlackElo "1775"]
[PlyCount "74"]
[EventDate "2015.08.02"]
[EventType "swiss"]
[EventRounds "9"]
[EventCountry "ESP"]
[SourceTitle "Ajedrez en Madrid"]
[Source "lmi"]
[SourceDate "2015.08.02"]
[SourceVersion "1"]
[SourceVersionDate "2018.07.18"]
[SourceQuality "1"]

1. e4 c5 2. Nf3 d6 3. Nc3 Nc6 4. d4 cxd4 5. Nxd4 Nf6 6. Bb5 Bd7 7. O-O g6 8.
Nxc6 Bxc6 9. Bxc6+ bxc6 10. h3 Bg7 11. Bd2 O-O 12. Qc1 Rb8 13. Rd1 Qc7 14. Rb1
Rfd8 15. Bh6 Bh8 16. Rf1 Rb4 17. f3 Nh5 18. Ne2 Qb6+ 19. Be3 Qa6 20. c3 Rb7 21.
Bd4 Qxe2 22. Bxh8 Kxh8 23. Rf2 Qa6 24. Kh2 Qxa2 25. f4 Qc4 26. Qe3 Qc5 27. Qf3
Rdb8 28. f5 Qe5+ 29. Kg1 Nf6 30. Re2 g5 31. Qe3 a5 32. g4 Qb5 33. Qf3 Qc4 34.
Qg2 Qa2 35. Qf1 Rxb2 36. Ra1 Qb3 37. Ree1 Qc2 0-1

[Event "41. Open Ciutat de Badalona 2015 - C"]
[Site "Badalona ESP"]
[Date "2015.08.03"]
[Round "2.6"]
[White "Navines Monfa, Josep"]
[Black "Pico Garcia, Antonio"]
[Result "1-0"]
[WhiteElo "1874"]
[BlackElo "1776"]
[PlyCount "43"]
[EventDate "2015.08.02"]
[EventType "swiss"]
[EventRounds "9"]
[EventCountry "ESP"]
[SourceTitle "Ajedrez en Madrid"]
[Source "lmi"]
[SourceDate "2015.08.02"]
[SourceVersion "1"]
[SourceVersionDate "2018.07.18"]
[SourceQuality "1"]

1. e4 d5 2. e5 Bf5 3. d4 e6 4. Bd3 Bg6 5. Bxg6 hxg6 6. Nf3 c5 7. c3 Nc6 8. Be3
Qb6 9. Qb3 cxd4 10. Qxb6 axb6 11. cxd4 Nge7 12. Nc3 Nf5 13. O-O Be7 14. a3 Nxe3
15. fxe3 Bd8 16. Nb5 Kf8 17. Nd6 Ra7 18. e4 Ne7 19. Ng5 Nf5 20. Ngxf7 Ne3 21.
Nxh8+ Nxf1 22. Rxf1+ 1-0

[Event "41. Open Ciutat de Badalona 2015 - C"]
[Site "Badalona ESP"]
[Date "2015.08.03"]
[Round "2.7"]
[White "Gomez Albamonte, Sonia"]
[Black "Vegara Gallego, Pere"]
[Result "1/2-1/2"]
[WhiteElo "1776"]
[BlackElo "1873"]
[PlyCount "56"]
[EventDate "2015.08.02"]
[EventType "swiss"]
[EventRounds "9"]
[EventCountry "ESP"]
[SourceTitle "Ajedrez en Madrid"]
[Source "lmi"]
[SourceDate "2015.08.02"]
[SourceVersion "1"]
[SourceVersionDate "2018.07.18"]
[SourceQuality "1"]

1. c4 d5 2. cxd5 Nf6 3. Nc3 Nxd5 4. e4 Nb6 5. d4 g6 6. Nf3 Bg7 7. Be2 Bg4 8.
Be3 O-O 9. O-O c6 10. Qd3 Na6 11. a3 e6 12. Rfd1 Qe7 13. b4 Rad8 14. Qc2 Bxf3
15. Bxf3 Nc7 16. Be2 Nd7 17. Rac1 Nf6 18. Bg5 Qe8 19. e5 Nfd5 20. Bxd8 Qxd8 21.
Nxd5 Nxd5 22. Bc4 Ne7 23. Rb1 Nf5 24. Qe4 Qc7 25. Rb3 Rd8 26. Rbd3 a6 27. h4 h5
28. Rg3 Bxe5 1/2-1/2

[Event "41. Open Ciutat de Badalona 2015 - C"]
[Site "Badalona ESP"]
[Date "2015.08.03"]
[Round "2.8"]
[White "Vela Valverde, Sergi"]
[Black "Beltran Vidal, Daniel"]
[Result "1/2-1/2"]
[WhiteElo "1771"]
[BlackElo "1863"]
[PlyCount "56"]
[EventDate "2015.08.02"]
[EventType "swiss"]
[EventRounds "9"]
[EventCountry "ESP"]
[SourceTitle "Ajedrez en Madrid"]
[Source "lmi"]
[SourceDate "2015.08.02"]
[SourceVersion "1"]
[SourceVersionDate "2018.07.18"]
[SourceQuality "1"]

1. e4 c5 2. Nf3 Nc6 3. d4 cxd4 4. Nxd4 Nf6 5. Nc3 a6 6. Bg5 e6 7. a3 Be7 8. Bc4
Qa5 9. Bxf6 Bxf6 10. Nde2 b5 11. Bb3 b4 12. axb4 Qxb4 13. O-O O-O 14. f4 Bxc3
15. Nxc3 Qd4+ 16. Kh1 Bb7 17. Ra4 Qxd1 18. Rxd1 Rfd8 19. e5 Ne7 20. Ne4 Bxe4
21. Rxe4 Nc8 22. Red4 Ra7 23. g3 Kf8 24. Kg2 Ke7 25. Kf3 d6 26. exd6+ Rxd6 27.
Rxd6 Nxd6 28. Ba4 Nc4 1/2-1/2

[Event "41. Open Ciutat de Badalona 2015 - C"]
[Site "Badalona ESP"]
[Date "2015.08.03"]
[Round "2.9"]
[White "Riera Miralles, Vicente Julián"]
[Black "Serentill Tost, Eduard"]
[Result "1-0"]
[WhiteElo "1754"]
[BlackElo "1857"]
[PlyCount "59"]
[EventDate "2015.08.02"]
[EventType "swiss"]
[EventRounds "9"]
[EventCountry "ESP"]
[SourceTitle "Ajedrez en Madrid"]
[Source "lmi"]
[SourceDate "2015.08.02"]
[SourceVersion "1"]
[SourceVersionDate "2018.07.18"]
[SourceQuality "1"]

1. d4 Nf6 2. h3 g6 3. Nf3 Bg7 4. Bf4 d6 5. Nc3 Nbd7 6. e4 Nh5 7. Be3 e5 8. Be2
b6 9. Qd2 h6 10. Bb5 Bb7 11. d5 a6 12. Bc4 b5 13. Be2 Nhf6 14. b4 Nb6 15. a4
Nc4 16. Bxc4 bxc4 17. Qe2 c6 18. dxc6 Bxc6 19. Nd2 d5 20. exd5 Nxd5 21. Qxc4
Qd7 22. O-O Nxc3 23. Qxc3 Bxa4 24. Ne4 Bb5 25. Rfd1 Qc6 26. Nd6+ Ke7 27. Nxb5
Qxb5 28. Qc7+ Kf8 29. Rd8+ Rxd8 30. Qxd8+ 1-0

[Event "41. Open Ciutat de Badalona 2015 - C"]
[Site "Badalona ESP"]
[Date "2015.08.03"]
[Round "2.10"]
[White "Lahoz Bonaventura, Jordi"]
[Black "Cervera Lopez, Miguel"]
[Result "0-1"]
[WhiteElo "1723"]
[BlackElo "1851"]
[PlyCount "68"]
[EventDate "2015.08.02"]
[EventType "swiss"]
[EventRounds "9"]
[EventCountry "ESP"]
[SourceTitle "Ajedrez en Madrid"]
[Source "lmi"]
[SourceDate "2015.08.02"]
[SourceVersion "1"]
[SourceVersionDate "2018.07.18"]
[SourceQuality "1"]

1. e4 c5 2. Nf3 Nc6 3. d4 cxd4 4. Nxd4 a6 5. Nc3 e6 6. Bc4 Bc5 7. Be3 Qb6 8.
Nce2 Ne5 9. Bb3 Ng4 10. Qd2 Nxe3 11. Qxe3 Nf6 12. e5 Nd5 13. Qd2 O-O 14. O-O f6
15. f4 a5 16. c4 Nb4 17. Kh1 a4 18. a3 axb3 19. axb4 Rxa1 20. Rxa1 Bxb4 21. Qd3
fxe5 22. fxe5 Bc5 23. Nxb3 Qc7 24. Nxc5 Qxc5 25. Qd4 Qc6 26. Kg1 b6 27. Rf1
Rxf1+ 28. Kxf1 Bb7 29. Qg4 h6 30. b3 Qc5 31. Qf4 b5 32. cxb5 Qxb5 33. b4 Qd5
34. Qf3 Qd1+ 0-1

[Event "41. Open Ciutat de Badalona 2015 - C"]
[Site "Badalona ESP"]
[Date "2015.08.04"]
[Round "3.1"]
[White "Clanchet Olle, Josep"]
[Black "Ibañez Camara, Oscar"]
[Result "1-0"]
[WhiteElo "1890"]
[BlackElo "1840"]
[PlyCount "114"]
[EventDate "2015.08.02"]
[EventType "swiss"]
[EventRounds "9"]
[EventCountry "ESP"]
[SourceTitle "Ajedrez en Madrid"]
[Source "lmi"]
[SourceDate "2015.08.02"]
[SourceVersion "1"]
[SourceVersionDate "2018.07.18"]
[SourceQuality "1"]

1. e4 c5 2. Nf3 d6 3. d4 cxd4 4. Qxd4 Nc6 5. Bb5 Bd7 6. Bxc6 bxc6 7. Nc3 c5 8.
Qd3 e6 9. Bg5 Qc7 10. Rd1 f6 11. Bf4 Ne7 12. Bxd6 Qc6 13. Bxc5 Bc8 14. Qd8+ Kf7
15. Bxe7 Bb7 16. Qd7 Bxe7 17. Qxc6 Bxc6 18. Nd4 Bb7 19. O-O Rhd8 20. Ndb5 a6
21. Nd4 Rd6 22. f3 Rad8 23. Nb3 Rxd1 24. Rxd1 Rxd1+ 25. Nxd1 Bd8 26. Nc3 Bb6+
27. Kf1 Ke7 28. Na4 Bc7 29. Nac5 Bc8 30. g3 Kd6 31. Ke2 Bb6 32. Na4 Bg1 33. h3
Bd7 34. Nc3 f5 35. exf5 exf5 36. Nd2 g5 37. Nc4+ Ke6 38. Ne3 f4 39. gxf4 gxf4
40. Ned5 Ke5 41. Nc7 a5 42. h4 Bb6 43. N7d5 Bd8 44. h5 Be8 45. b4 axb4 46. Nxb4
Bxh5 47. Nc6+ Kd6 48. Nxd8 Bg6 49. Ne4+ Kd7 50. Nb7 h5 51. a4 h4 52. c4 h3 53.
Kf2 Kc6 54. Nbd6 Kb6 55. c5+ Kc6 56. a5 Bxe4 57. Nxe4 Kb5 1-0

[Event "41. Open Ciutat de Badalona 2015 - C"]
[Site "Badalona ESP"]
[Date "2015.08.04"]
[Round "3.2"]
[White "Ramon Herraez, Alex"]
[Black "Romero Funieles, Rafael de Jesus"]
[Result "0-1"]
[WhiteElo "1830"]
[BlackElo "1885"]
[PlyCount "100"]
[EventDate "2015.08.02"]
[EventType "swiss"]
[EventRounds "9"]
[EventCountry "ESP"]
[SourceTitle "Ajedrez en Madrid"]
[Source "lmi"]
[SourceDate "2015.08.02"]
[SourceVersion "1"]
[SourceVersionDate "2018.07.18"]
[SourceQuality "1"]

1. d4 e6 2. Nf3 h6 3. Bf4 Nf6 4. e3 d6 5. Be2 Be7 6. h3 Bd7 7. O-O Nc6 8. c4 a6
9. Nc3 g5 10. Bg3 d5 11. cxd5 exd5 12. Ne5 Bd6 13. Bh5 Nxh5 14. Qxh5 Be6 15. f4
Bxe5 16. fxe5 Qe7 17. Rf6 O-O-O 18. Raf1 Qb4 19. R1f2 Na5 20. Rxh6 Rhg8 21. Qe2
Nc4 22. Rhf6 g4 23. hxg4 Bxg4 24. Qc2 Nxe3 25. Qb3 Qxb3 26. axb3 Be6 27. Bh4
Rde8 28. R6f3 Ng4 29. Rf1 Rg6 30. Ne2 Rh6 31. Bg5 Rh5 32. Bf6 Nh2 33. Nf4 Nxf3+
34. Rxf3 Rh7 35. Nd3 Rg8 36. Nc5 Rh6 37. Rc3 Rhg6 38. Rc2 Bh3 39. Kh2 Rxg2+ 40.
Rxg2 Bxg2 41. Nd3 Bf1 42. Nf4 c6 43. Kh1 Rg4 44. Nh5 Rg2 45. Nf4 Rxb2 46. Kg1
Be2 47. e6 fxe6 48. Nxe6 Rxb3 49. Nc5 Rb1+ 50. Kf2 Bc4 0-1